Ảnh hưởng của các biện pháp xử lý rơm rạ đến một số đặc tính lý hoá đất huyện cái bè tỉnh Tiền Giang : Luận văn tốt nghiệp cao học. Chuyên ngành: Khoa học môi trường

Đề tài nghiên cứu nhằm đánh giá sự thay đổi trong lượng gơm, tỉ số C/N trong rơm theo thời gian nhằm khảo sát sự phân huỷ rơm rạ. Nghiên cứu ảnh hưởng của các chế phẩm sinh học đến quá trình xử lý rơm rạ trên đồng ruộng. Khảo sát thành...

Full beskrivning

Sparad:
Bibliografiska uppgifter
Huvudupphovsman: Nguyễn, Thị Kim Phước
Materialtyp: Bok
Språk:Undetermined
Publicerad: Cần Thơ Trường Đại học Cần Thơ 2013
Ämnen:
Taggar: Lägg till en tagg
Inga taggar, Lägg till första taggen!
Thư viện lưu trữ: Trung tâm Học liệu Trường Đại học Cần Thơ
LEADER 01493nam a2200217Ia 4500
001 CTU_184569
008 210402s9999 xx 000 0 und d
082 |a 631.4 
082 |b Ph557 
088 |a 60440301 
100 |a Nguyễn, Thị Kim Phước 
245 0 |a Ảnh hưởng của các biện pháp xử lý rơm rạ đến một số đặc tính lý hoá đất huyện cái bè tỉnh Tiền Giang : 
245 0 |b Luận văn tốt nghiệp cao học. Chuyên ngành: Khoa học môi trường 
245 0 |c Nguyễn Thị Kim Phước ; Trương Thị Nga Hướng người hướng dẫn khoa học 
260 |a Cần Thơ 
260 |b Trường Đại học Cần Thơ 
260 |c 2013 
520 |a Đề tài nghiên cứu nhằm đánh giá sự thay đổi trong lượng gơm, tỉ số C/N trong rơm theo thời gian nhằm khảo sát sự phân huỷ rơm rạ. Nghiên cứu ảnh hưởng của các chế phẩm sinh học đến quá trình xử lý rơm rạ trên đồng ruộng. Khảo sát thành phần háo học đất nhằm đánh giá vai trò của chế phẩm sinh học trong điều kiện cày rùi rơm rạ. 
650 |a Khoa học đất,Soil science,Soil fertility,Bón phân đất 
904 |i Võ, Thị Diệu 
980 |a Trung tâm Học liệu Trường Đại học Cần Thơ